[Event "2. Bundesliga Ost 2018/2019"]
[Site "alle Wien"]
[Date "2018.10.06"]
[Round "1"]
[Board "6"]
[White "Atzl, Florian"]
[Black "Iro, Christian"]
[Result "1/2-1/2"]
[WhiteElo "2145"]
[BlackElo "2045"]
[PlyCount "87"]
[EventDate "2018.10.06"]
[EventType "team"]
[EventRounds "11"]
[EventCountry "AUT"]
[WhiteTeam "mpimmo Wien - SK Ottakring"]
[BlackTeam "SK Austria"]

1. e4 c6 2. d4 d5 3. Nd2 dxe4 4. Nxe4 Bf5 5. Ng3 Bg6 6. h4 h6 7. Nf3 Nd7 8. h5
Bh7 9. Bd3 Bxd3 10. Qxd3 e6 11. Bd2 Ngf6 12. O-O-O Be7 13. Qe2 O-O 14. Kb1 a5
15. Ne5 a4 16. a3 Qb6 17. Ka2 Rad8 18. Ng6 Rfe8 19. Nxe7+ Rxe7 20. Nf5 Ree8 21.
Nd6 Rf8 22. f3 Qc7 23. Ne4 Nxe4 24. fxe4 Nf6 25. e5 Nh7 26. Qg4 Kh8 27. Bb4
Rfe8 28. Rd3 c5 29. Bxc5 b6 30. Bd6 Qxc2 31. Rc3 Qf2 32. Rhc1 f5 33. Qg6 Qxd4
34. Rc7 Qd5+ 35. Ka1 Rg8 36. Be7 Rd7 37. Rxd7 Qxd7 38. Bd6 Nf8 39. Qg3 Qb5 40.
Qh4 Nd7 41. Qd4 Qe2 42. g3 Qxh5 43. Qxa4 Qg5 44. Rc3  1/2-1/2

[Event "2. Bundesliga Ost 2018/2019"]
[Site "alle Wien"]
[Date "2018.10.06"]
[Round "1"]
[Board "1"]
[White "Polak, Tomas"]
[Black "Mikes, Jan"]
[Result "1-0"]
[WhiteElo "2503"]
[BlackElo "2307"]
[PlyCount "149"]
[EventDate "2018.10.06"]
[EventType "team"]
[EventRounds "11"]
[EventCountry "AUT"]
[WhiteTeam "SK Hietzing"]
[BlackTeam "SG Mistelbach/Altlichtenwarth"]

1. d4 Nf6 2. c4 g6 3. Nc3 Bg7 4. e4 d6 5. Nf3 O-O 6. Be2 e5 7. d5 a5 8. Bg5 h6
9. Bh4 Na6 10. Nd2 Qe8 11. O-O Nh7 12. Kh1 f5 13. exf5 gxf5 14. Bh5 Qd7 15. f4
e4 16. h3 Nc5 17. Qc2 Bf6 18. Bxf6 Nxf6 19. Be2 Qg7 20. Nb3 Nxb3 21. Qxb3 Bd7
22. Nd1 a4 23. Qc3 a3 24. b4 Rf7 25. Ne3 Qg3 26. Rab1 b5 27. cxb5 Kh7 28. Rb3
Rg8 29. Qe1 Qg6 30. Rg1 Rfg7 31. Qh4 Qf7 32. Rd1 Rg6 33. Rd2 Qg7 34. Bf1 Rg3
35. Rf2 Rxe3 36. Rxe3 Nxd5 37. Rxa3 e3 38. Re2 Bxb5 39. Raxe3 Bxe2 40. Rxe2 Qa1
41. Qe1 Qd4 42. Qd2 Qxd2 43. Rxd2 Nxf4 44. Rf2 Ng6 45. Bd3 Ne5 46. Bxf5+ Kg7
47. a4 c6 48. Rd2 d5 49. b5 cxb5 50. axb5 Kf6 51. Bb1 Rd8 52. Be4 d4 53. Rf2+
Ke6 54. b6 d3 55. b7 Kd6 56. Bxd3 Nxd3 57. Rc2 Rb8 58. Rd2 Rxb7 59. Rxd3+ Ke5
60. Rf3 Rb6 61. Kh2 Rg6 62. g4 Rg5 63. Kg3 h5 64. Kh4 hxg4 65. hxg4 Rg8 66. g5
Rh8+ 67. Kg4 Ke6 68. g6 Rh1 69. Kg5 Rg1+ 70. Kh6 Rh1+ 71. Kg7 Rg1 72. Kh7 Rh1+
73. Kg8 Rg1 74. g7 Ke7 75. Rh3  1-0

[Event "2. Bundesliga Ost 2018/2019"]
[Site "alle Wien"]
[Date "2018.10.06"]
[Round "1"]
[Board "2"]
[White "Hofmann, Thomas"]
[Black "Belke, Frank"]
[Result "1/2-1/2"]
[WhiteElo "2262"]
[BlackElo "2300"]
[PlyCount "131"]
[EventDate "2018.10.06"]
[EventType "team"]
[EventRounds "11"]
[EventCountry "AUT"]
[WhiteTeam "SG Mistelbach/Altlichtenwarth"]
[BlackTeam "SK Hietzing"]

1. d4 Nf6 2. c4 g6 3. Nc3 d5 4. cxd5 Nxd5 5. e4 Nxc3 6. bxc3 Bg7 7. Qa4+ c6 8.
Nf3 O-O 9. Be2 Nd7 10. O-O b5 11. Qa3 Nb6 12. Bg5 Re8 13. Rad1 a6 14. Nd2 Be6
15. Nb3 Bc4 16. Rfe1 Bxe2 17. Rxe2 Nc4 18. Qc5 Qd6 19. a4 h6 20. Bh4 Bf8 21. e5
Qxc5 22. Nxc5 g5 23. Bg3 e6 24. Ne4 Be7 25. Ra1 Kg7 26. f4 Nb6 27. a5 Nc4 28.
Rf2 Kg6 29. fxg5 hxg5 30. Rf3 Rf8 31. Be1 c5 32. Bd2 Nxd2 33. Nxd2 f5 34. exf6
Rxf6 35. Re1 cxd4 36. cxd4 Bb4 37. Rxf6+ Kxf6 38. Ne4+ Kg6 39. Rf1 Bxa5 40.
Rf6+ Kg7 41. Rxe6 Bd8 42. Nc5 a5 43. Rd6 Bf6 44. Ne4 Be7 45. Rb6 a4 46. Rxb5 a3
47. Rb1 Rd8 48. Ng3 Kf7 49. Ne2 Ke6 50. Kf2 Kd5 51. Ke3 Kc4 52. Rc1+ Kb3 53.
Rc7 Bd6 54. Rc6 Re8+ 55. Kd3 Rxe2 56. Kxe2 a2 57. Rc1 Kb2 58. Kd1 Bxh2 59. d5
Be5 60. Rc2+ Kb3 61. Rxa2 Kxa2 62. Kc2 g4 63. Kd3 Kb3 64. Ke4 Bb8 65. g3 Bxg3
66. Kf5  1/2-1/2

[Event "2. Bundesliga Ost 2018/2019"]
[Site "alle Wien"]
[Date "2018.10.06"]
[Round "1"]
[Board "3"]
[White "Schroll, Gerhard"]
[Black "Groetz, Harald"]
[Result "1-0"]
[WhiteElo "2304"]
[BlackElo "2339"]
[PlyCount "89"]
[EventDate "2018.10.06"]
[EventType "team"]
[EventRounds "11"]
[EventCountry "AUT"]
[WhiteTeam "SK Hietzing"]
[BlackTeam "SG Mistelbach/Altlichtenwarth"]

1. c4 e5 2. b3 g6 3. Bb2 Bg7 4. g3 Nc6 5. Bg2 d6 6. e3 f5 7. Ne2 Nf6 8. d4 e4
9. Nbc3 O-O 10. a3 Ne7 11. h4 d5 12. Nf4 c6 13. Bf1 Qd6 14. a4 Be6 15. Ba3 Qd7
16. cxd5 Nfxd5 17. Ncxd5 Bxd5 18. Bc4 Rfe8 19. O-O Bh6 20. Nxd5 Nxd5 21. Qe2
Rab8 22. Bxd5+ cxd5 23. Rfc1 Rbc8 24. Rc5 Rxc5 25. Bxc5 a6 26. b4 Ra8 27. a5
Qb5 28. Qa2 Qc6 29. Rb1 Rd8 30. Qb3 Kf7 31. Bb6 Rc8 32. b5 axb5 33. Qxb5 Qxb5
34. Rxb5 Rc1+ 35. Kg2 Rc2 36. Kf1 Rc1+ 37. Ke2 Rc2+ 38. Ke1 Ke6 39. Bc5 Ra2 40.
Rb6+ Kf7 41. Rxb7+ Kg8 42. Ra7 Ra1+ 43. Kd2 Ra2+ 44. Kd1 Rxf2 45. Ra8+  1-0

[Event "2. Bundesliga Ost 2018/2019"]
[Site "alle Wien"]
[Date "2018.10.06"]
[Round "1"]
[Board "4"]
[White "Vrana, Frantisek"]
[Black "Mozny, Milos"]
[Result "1/2-1/2"]
[WhiteElo "2252"]
[BlackElo "2283"]
[PlyCount "72"]
[EventDate "2018.10.06"]
[EventType "team"]
[EventRounds "11"]
[EventCountry "AUT"]
[WhiteTeam "SG Mistelbach/Altlichtenwarth"]
[BlackTeam "SK Hietzing"]

1. d4 d5 2. Nf3 Nf6 3. Bf4 c6 4. c3 Bf5 5. Nbd2 e6 6. e3 Be7 7. h3 h6 8. Be2
Nbd7 9. O-O O-O 10. Ne5 Bh7 11. a4 Nxe5 12. Bxe5 Bd6 13. Nf3 Bxe5 14. Nxe5 Nd7
15. Nxd7 Qxd7 16. a5 a6 17. b4 Rae8 18. f4 Be4 19. Ra2 Re7 20. Bg4 g6 21. Bf3
Bxf3 22. Qxf3 f5 23. h4 h5 24. Rc1 Rd8 25. Rac2 Kg7 26. Qg3 Qd6 27. Qe1 Red7
28. c4 dxc4 29. Rxc4 Qe7 30. Rc5 Rd5 31. g3 Qf6 32. Qc3 R8d7 33. Kg2 Kh7 34.
Rc2 Qd8 35. Qe1 Qf6 36. Qc3 Qd8  1/2-1/2

[Event "2. Bundesliga Ost 2018/2019"]
[Site "alle Wien"]
[Date "2018.10.06"]
[Round "1"]
[Board "5"]
[White "Djeno, Drago"]
[Black "Oberhuber, Alexander"]
[Result "1-0"]
[WhiteElo "2253"]
[BlackElo "2028"]
[PlyCount "45"]
[EventDate "2018.10.06"]
[EventType "team"]
[EventRounds "11"]
[EventCountry "AUT"]
[WhiteTeam "SK Hietzing"]
[BlackTeam "SG Mistelbach/Altlichtenwarth"]

1. c4 c5 2. Nf3 g6 3. g3 Bg7 4. Bg2 Nc6 5. O-O a6 6. e3 d6 7. d4 Bg4 8. h3 Bxf3
9. Bxf3 cxd4 10. exd4 Nxd4 11. Bxb7 Rb8 12. Bg2 h5 13. Nc3 Qa5 14. Nd5 Nb3 15.
Rb1 Qxa2 16. Be3 Nf6 17. Nxe7 Kxe7 18. Re1 Rbc8 19. Bg5+ Kf8 20. Qxd6+ Kg8 21.
Bxf6 Nd2 22. Bxg7 Nxb1 23. Bxh8  1-0

[Event "2. Bundesliga Ost 2018/2019"]
[Site "alle Wien"]
[Date "2018.10.06"]
[Round "1"]
[Board "6"]
[White "Pribitzer, Stefan"]
[Black "Smith, Jeff"]
[Result "1/2-1/2"]
[WhiteElo "2024"]
[BlackElo "2149"]
[PlyCount "59"]
[EventDate "2018.10.06"]
[EventType "team"]
[EventRounds "11"]
[EventCountry "AUT"]
[WhiteTeam "SG Mistelbach/Altlichtenwarth"]
[BlackTeam "SK Hietzing"]

1. Nf3 Nf6 2. c4 e6 3. d4 b6 4. g3 Bb7 5. Bg2 Be7 6. O-O O-O 7. Nc3 Ne4 8. Nxe4
Bxe4 9. b3 d5 10. Bb2 Nd7 11. Rc1 c5 12. dxc5 Bxc5 13. e3 Qe7 14. cxd5 Bxd5 15.
Ne5 Bxg2 16. Kxg2 Nxe5 17. Bxe5 Rad8 18. Qe2 Rd5 19. Bc3 Rfd8 20. Rfd1 Qd7 21.
Rxd5 Qxd5+ 22. Kg1 Ba3 23. Rc2 Qd1+ 24. Qxd1 Rxd1+ 25. Kg2 h6 26. h4 f6 27. Kf3
Bc5 28. Ke2 Rd7 29. Rd2 Rxd2+ 30. Kxd2  1/2-1/2

[Event "2. Bundesliga Ost 2018/2019"]
[Site "alle Wien"]
[Date "2018.10.06"]
[Round "1"]
[Board "1"]
[White "Danada, Tomas"]
[Black "Juhasz, Armin"]
[Result "1/2-1/2"]
[WhiteElo "2250"]
[BlackElo "2365"]
[PlyCount "177"]
[EventDate "2018.10.06"]
[EventType "team"]
[EventRounds "11"]
[EventCountry "AUT"]
[WhiteTeam "Wiener Amateurschachklub"]
[BlackTeam "SK Sparkasse Bad Voeslau"]

1. c4 c5 2. Nc3 g6 3. g3 Bg7 4. Bg2 Nc6 5. h4 Nf6 6. Nh3 d6 7. Nf4 h5 8. a3 O-O
9. Rb1 a5 10. O-O Bg4 11. b3 Rb8 12. Bb2 Nd4 13. Ba1 b5 14. Nxb5 Nxb5 15. cxb5
Rxb5 16. Qc2 Rb8 17. Bxf6 Bxf6 18. Nxg6 fxg6 19. Qxg6+ Bg7 20. Bd5+ e6 21.
Bxe6+ Bxe6 22. Qxe6+ Kh8 23. Qg6 Qe8 24. Qxd6 Qxe2 25. Qxc5 Rbd8 26. Rbe1 Qf3
27. Qxa5 Rd5 28. Qb4 Bd4 29. Kh2 Bxf2 30. Qc3+ Qxc3 31. dxc3 Rd3 32. Re2 Bxg3+
33. Kg2 Rxf1 34. Kxf1 Rxc3 35. Re7 Rxb3 36. a4 Ra3 37. Kg2 Bxh4 38. Re5 Rxa4
39. Rxh5+ Kg7 40. Kf3 Kf6 41. Rb5 Be1 42. Rb6+ Ke5 43. Rb5+ Kd4 44. Rb7 Bb4 45.
Rd7+ Ke5 46. Rh7 Ra3+ 47. Kg4 Ke4 48. Rh6 Ra1 49. Re6+ Kd5 50. Re3 Bc5 51. Re8
Rg1+ 52. Kf3 Rf1+ 53. Kg4 Bd4 54. Re2 Rf8 55. Re1 Be5 56. Rd1+ Ke6 57. Rh1 Rf4+
58. Kg5 Rf2 59. Rh6+ Kd5 60. Rh1 Bc3 61. Rh7 Ke4 62. Kg6 Bd4 63. Rh4+ Ke5 64.
Rh1 Rg2+ 65. Kf7 Kd6 66. Rd1 Rg7+ 67. Kf8 Rg4 68. Kf7 Rf4+ 69. Kg6 Ke6 70. Kg5
Re4 71. Kg6 Bf2 72. Rd2 Rg4+ 73. Kh5 Rg2 74. Ra2 Kf5 75. Ra5+ Ke4 76. Rg5 Rh2+
77. Kg6 Be3 78. Rh5 Rg2+ 79. Kf6 Bd4+ 80. Kf7 Rg7+ 81. Ke6 Rg6+ 82. Kf7 Rf6+
83. Ke7 Ra6 84. Rh4+ Kd5 85. Rh5+ Be5 86. Kf7 Rf6+ 87. Ke7 Rg6 88. Rh7 Ra6 89.
Kf7  1/2-1/2

[Event "2. Bundesliga Ost 2018/2019"]
[Site "alle Wien"]
[Date "2018.10.06"]
[Round "1"]
[Board "2"]
[White "Plachetka, Jan"]
[Black "Karas, Marek"]
[Result "1-0"]
[WhiteElo "2305"]
[BlackElo "2250"]
[PlyCount "73"]
[EventDate "2018.10.06"]
[EventType "team"]
[EventRounds "11"]
[EventCountry "AUT"]
[WhiteTeam "SK Sparkasse Bad Voeslau"]
[BlackTeam "Wiener Amateurschachklub"]

1. d4 Nf6 2. c4 e6 3. Nc3 d5 4. Bg5 Be7 5. e3 O-O 6. Nf3 c6 7. Qc2 Nbd7 8. Bd3
dxc4 9. Bxc4 Nd5 10. Bxe7 Qxe7 11. O-O Nxc3 12. Qxc3 b6 13. Be2 Bb7 14. b4 a5
15. a3 Rfc8 16. Rfb1 Qd8 17. Nd2 axb4 18. axb4 Rxa1 19. Rxa1 Ra8 20. Bf3 Rxa1+
21. Qxa1 Qb8 22. Qb2 Qc7 23. Nc4 h6 24. h3 Ba6 25. Qc3 Bb7 26. Qa3 Qb8 27. e4
b5 28. Na5 Qa7 29. Qc3 Qb6 30. e5 Nb8 31. Be4 Na6 32. f4 Qc7 33. Kf1 Qe7 34.
Ke2 Ba8 35. Nxc6 Bxc6 36. Qxc6 Nxb4 37. Qc8+  1-0

[Event "2. Bundesliga Ost 2018/2019"]
[Site "alle Wien"]
[Date "2018.10.06"]
[Round "1"]
[Board "3"]
[White "Frindt, Kornel"]
[Black "Grimm, Daniel"]
[Result "1-0"]
[WhiteElo "2217"]
[BlackElo "2288"]
[PlyCount "87"]
[EventDate "2018.10.06"]
[EventType "team"]
[EventRounds "11"]
[EventCountry "AUT"]
[WhiteTeam "Wiener Amateurschachklub"]
[BlackTeam "SK Sparkasse Bad Voeslau"]

1. e4 Nf6 2. e5 Nd5 3. d4 d6 4. Bc4 Nb6 5. Bb3 g6 6. Qf3 e6 7. exd6 cxd6 8. Ne2
Bg7 9. Nd2 Nc6 10. c3 O-O 11. h4 e5 12. h5 d5 13. dxe5 Nxe5 14. Qg3 Bf5 15.
hxg6 Nd3+ 16. Kf1 fxg6 17. Nf3 Nxc1 18. Rxc1 Qe7 19. Nf4 Be4 20. Re1 Rae8 21.
Nxd5 Nxd5 22. Bxd5+ Bxd5 23. Rxe7 Rxe7 24. Rxh7 Kxh7 25. Qh4+ Kg8 26. Qxe7 Bf6
27. Qd6 Bxa2 28. Ne5 Bxe5 29. Qxe5 Rf7 30. Qb8+ Kh7 31. Qxa7 Bd5 32. Qc5 Bc6
33. f3 Rd7 34. Ke2 Kg7 35. c4 Kf7 36. b4 Re7+ 37. Kf2 Bd7 38. Kg3 Kf6 39. Kf4
Kf7 40. Kg5 Bf5 41. g4 Bc2 42. Qd5+ Ke8 43. Kf6 Bb1 44. Qd1  1-0

[Event "2. Bundesliga Ost 2018/2019"]
[Site "alle Wien"]
[Date "2018.10.06"]
[Round "1"]
[Board "4"]
[White "Wilke, Werner"]
[Black "Zsifkovits, Peter"]
[Result "1-0"]
[WhiteElo "2223"]
[BlackElo "2050"]
[PlyCount "69"]
[EventDate "2018.10.06"]
[EventType "team"]
[EventRounds "11"]
[EventCountry "AUT"]
[WhiteTeam "SK Sparkasse Bad Voeslau"]
[BlackTeam "Wiener Amateurschachklub"]

1. e4 e5 2. Nf3 Nc6 3. Bc4 Bc5 4. O-O d6 5. c3 Bg4 6. b4 Bb6 7. a4 a5 8. b5 Nb8
9. d4 Nd7 10. Be3 Ngf6 11. Nbd2 O-O 12. Re1 Qe7 13. h3 Bxf3 14. Qxf3 Kh8 15.
Bd3 Rae8 16. Nc4 d5 17. dxe5 dxc4 18. exf6 Nxf6 19. Bxb6 cxb6 20. Bxc4 Nxe4 21.
Bd5 f5 22. Rad1 Qc5 23. Bxe4 Rxe4 24. Rxe4 fxe4 25. Qe3 Qxe3 26. fxe3 Kg8 27.
Rd4 Re8 28. Kf2 Kf7 29. Kg3 g5 30. Kg4 Re5 31. Rd7+ Kg6 32. Rd6+ Kg7 33. Rxb6
Rc5 34. Rxb7+ Kg6 35. Rb6+  1-0

[Event "2. Bundesliga Ost 2018/2019"]
[Site "alle Wien"]
[Date "2018.10.06"]
[Round "1"]
[Board "5"]
[White "Reyes-Acevedo, Ismael"]
[Black "Miazhynski, Yuri"]
[Result "0-1"]
[WhiteElo "1964"]
[BlackElo "2151"]
[PlyCount "124"]
[EventDate "2018.10.06"]
[EventType "team"]
[EventRounds "11"]
[EventCountry "AUT"]
[WhiteTeam "Wiener Amateurschachklub"]
[BlackTeam "SK Sparkasse Bad Voeslau"]

1. c4 Nf6 2. Nf3 c5 3. e3 g6 4. b3 Bg7 5. Bb2 O-O 6. Be2 b6 7. O-O Bb7 8. Nc3
Nc6 9. d4 cxd4 10. exd4 d5 11. Re1 e6 12. Ba3 Re8 13. Nb5 Bf8 14. Bxf8 Rxf8 15.
c5 bxc5 16. dxc5 Ne4 17. Qc1 a6 18. Nbd4 Nxd4 19. Nxd4 e5 20. Nf3 f6 21. b4 Kg7
22. Qb2 d4 23. Bd3 Nc3 24. Nd2 Re8 25. Nc4 Qd5 26. Bf1 Rad8 27. Nd6 Rxd6 28.
cxd6 Qxd6 29. a4 h5 30. b5 a5 31. Bc4 h4 32. h3 f5 33. Qa3 Qc7 34. Qb3 Rc8 35.
Be6 Rd8 36. Ra3 e4 37. Qb2 Qe5 38. Bc4 Rc8 39. Qb3 Qc5 40. Bf1 Bd5 41. Qb2 Qb4
42. Qa1 Kh7 43. Rc1 g5 44. Rc2 Qc5 45. Qc1 Ne2+ 46. Bxe2 Qxc2 47. Qxg5 Qc1+ 48.
Qxc1 Rxc1+ 49. Kh2 Rc2 50. Bd1 Rxf2 51. Bb3 Bb7 52. Ra2 Rxa2 53. Bxa2 f4 54.
Kg1 Kg6 55. Be6 Kf6 56. Bd7 Ke7 57. Bg4 Kd6 58. Kf1 Kc5 59. Bd7 d3 60. Bg4 Bd5
61. Ke1 e3 62. Bf3 d2+  0-1

[Event "2. Bundesliga Ost 2018/2019"]
[Site "alle Wien"]
[Date "2018.10.06"]
[Round "1"]
[Board "6"]
[White "Juhasz, Agoston"]
[Black "Jirovec, Alfred"]
[Result "0-1"]
[WhiteElo "2174"]
[BlackElo "1977"]
[PlyCount "108"]
[EventDate "2018.10.06"]
[EventType "team"]
[EventRounds "11"]
[EventCountry "AUT"]
[WhiteTeam "SK Sparkasse Bad Voeslau"]
[BlackTeam "Wiener Amateurschachklub"]

1. e4 e6 2. d4 d5 3. Bd3 Nf6 4. e5 Nfd7 5. Nf3 Be7 6. O-O b6 7. Qe2 c5 8. c3
Nc6 9. Bf4 Bb7 10. Re1 Na5 11. Nbd2 Rc8 12. Rac1 g5 13. dxc5 bxc5 14. Bg3 g4
15. Nd4 cxd4 16. Qxg4 dxc3 17. bxc3 h5 18. Qg7 Rf8 19. f4 Nc5 20. Bb1 Ne4 21.
Nxe4 dxe4 22. Bf2 Bc5 23. Bxc5 Rxc5 24. Kh1 Qh4 25. Rcd1 Rd5 26. Bc2 Qxf4 27.
c4 Nxc4 28. Rb1 Nb6 29. Bxe4 Rd7 30. Bxb7 Rxb7 31. Red1 Rb8 32. Rf1 Qe4 33. Qg5
Qg6 34. Qf4 Rg8 35. Qf3 Kf8 36. Rb2 Rc8 37. Qb7 Kg7 38. Qxa7 Nd5 39. Rb7 Rgf8
40. Rb3 Rc3 41. Rb7 Rc2 42. Rg1 Nf4 43. Rb3 h4 44. Qb7 Rd8 45. Rb2 Rdd2 46.
Rxc2 Qxc2 47. Qf3 Rf2 48. Qg4+ Ng6 49. a3 Qb2 50. Rd1 Qxe5 51. g3 hxg3 52. hxg3
Qb2 53. Qh3 Qxa3 54. Qg4 Qa8+  0-1

[Event "2. Bundesliga Ost 2018/2019"]
[Site "alle Wien"]
[Date "2018.10.07"]
[Round "2"]
[Board "1"]
[White "Horvath, Dominik"]
[Black "Juhasz, Armin"]
[Result "1/2-1/2"]
[WhiteElo "2447"]
[BlackElo "2365"]
[PlyCount "66"]
[EventDate "2018.10.06"]
[EventType "team"]
[EventRounds "11"]
[EventCountry "AUT"]
[WhiteTeam "ASVOE Pamhagen"]
[BlackTeam "SK Sparkasse Bad Voeslau"]

1. c4 e5 2. g3 Nc6 3. Nc3 d6 4. Bg2 Be6 5. d3 Qd7 6. Rb1 g6 7. b4 Bg7 8. b5 Nd8
9. e4 Ne7 10. Nge2 Bh3 11. O-O h5 12. Bxh3 Qxh3 13. f3 Qd7 14. Nd5 h4 15. g4
Nxd5 16. cxd5 f5 17. h3 Nf7 18. Be3 Bh6 19. Qd2 Bxe3+ 20. Qxe3 f4 21. Qd2 O-O
22. Rfc1 Rfc8 23. Qc2 b6 24. Qc6 Qe7 25. Nc3 Nd8 26. Qc4 Nb7 27. Na4 Nc5 28.
Nxc5 dxc5 29. Rb3 Kf8 30. Ra3 Rcb8 31. Ra6 Rb7 32. a4 Rd8 33. a5 Rd7  1/2-1/2

[Event "2. Bundesliga Ost 2018/2019"]
[Site "alle Wien"]
[Date "2018.10.07"]
[Round "2"]
[Board "2"]
[White "Plachetka, Jan"]
[Black "Lipka, Juraj"]
[Result "1/2-1/2"]
[WhiteElo "2305"]
[BlackElo "2426"]
[PlyCount "61"]
[EventDate "2018.10.06"]
[EventType "team"]
[EventRounds "11"]
[EventCountry "AUT"]
[WhiteTeam "SK Sparkasse Bad Voeslau"]
[BlackTeam "ASVOE Pamhagen"]

1. d4 d5 2. c4 c6 3. Nf3 Nf6 4. Nc3 dxc4 5. a4 e6 6. e3 c5 7. Bxc4 Nc6 8. O-O
cxd4 9. exd4 Be7 10. Re1 O-O 11. Be3 b6 12. d5 exd5 13. Nxd5 Nxd5 14. Bxd5 Bb7
15. Rc1 Rc8 16. Ne5 Nxe5 17. Bxb7 Rxc1 18. Bxc1 Nd3 19. Rf1 Nxc1 20. Qxc1 Bg5
21. Qc2 Qd2 22. Qxd2 Bxd2 23. Rd1 Rd8 24. Kf1 Bg5 25. Rxd8+ Bxd8 26. Ke2 Bf6
27. b3 Bd4 28. f3 Kf8 29. Bd5 f6 30. h4 Ke7 31. Kd3  1/2-1/2

[Event "2. Bundesliga Ost 2018/2019"]
[Site "alle Wien"]
[Date "2018.10.07"]
[Round "2"]
[Board "3"]
[White "Maslik, Miroslav"]
[Black "Grimm, Daniel"]
[Result "1/2-1/2"]
[WhiteElo "2351"]
[BlackElo "2288"]
[PlyCount "84"]
[EventDate "2018.10.06"]
[EventType "team"]
[EventRounds "11"]
[EventCountry "AUT"]
[WhiteTeam "ASVOE Pamhagen"]
[BlackTeam "SK Sparkasse Bad Voeslau"]

1. Nf3 d5 2. g3 Nf6 3. Bg2 c6 4. O-O Bg4 5. c4 e6 6. Qb3 Qb6 7. Qc2 Nbd7 8.
cxd5 cxd5 9. d3 Bxf3 10. Bxf3 Ne5 11. Bg2 Be7 12. Be3 Qa6 13. Nc3 O-O 14. Qb3
Rac8 15. Rac1 Rfd8 16. Qb5 Qxb5 17. Nxb5 a6 18. Na7 Rxc1 19. Rxc1 Bd6 20. Nc8
Bb8 21. Nb6 Bd6 22. Nc8 Bb8 23. Nb6 Bd6 24. Na4 Ned7 25. Bd4 h6 26. f4 Rb8 27.
e4 dxe4 28. dxe4 e5 29. Be3 Re8 30. f5 Nb8 31. Bf1 Nbd7 32. Nb6 Ng4 33. Nxd7
Nxe3 34. Be2 Rd8 35. Nb6 Bb8 36. a4 Ba7 37. a5 Rd2 38. Rc8+ Kh7 39. Bh5 Rg2+
40. Kh1 Rxb2 41. Kg1 Bxb6 42. axb6 g6  1/2-1/2

[Event "2. Bundesliga Ost 2018/2019"]
[Site "alle Wien"]
[Date "2018.10.07"]
[Round "2"]
[Board "4"]
[White "Wilke, Werner"]
[Black "Vitouch, Anatol"]
[Result "1-0"]
[WhiteElo "2223"]
[BlackElo "2319"]
[PlyCount "55"]
[EventDate "2018.10.06"]
[EventType "team"]
[EventRounds "11"]
[EventCountry "AUT"]
[WhiteTeam "SK Sparkasse Bad Voeslau"]
[BlackTeam "ASVOE Pamhagen"]

1. e4 e6 2. d4 d5 3. Nc3 Bb4 4. Nge2 Nf6 5. a3 Bxc3+ 6. Nxc3 Nxe4 7. Nxe4 dxe4
8. Be3 Nc6 9. Qg4 Nxd4 10. O-O-O c5 11. Qxg7 Rf8 12. Bb5+ Bd7 13. Bxd4 cxd4 14.
Rxd4 Bxb5 15. Rxd8+ Rxd8 16. Rd1 Rc8 17. Kb1 Bc6 18. Qxh7 Ke7 19. Qh4+ f6 20.
Qf4 e5 21. Qe3 b6 22. h4 Rh8 23. g3 Rh5 24. Qe2 Rh7 25. Qd2 Rh5 26. Qb4+ Kf7
27. Rd6 Kg6 28. Rxc6  1-0

[Event "2. Bundesliga Ost 2018/2019"]
[Site "alle Wien"]
[Date "2018.10.07"]
[Round "2"]
[Board "5"]
[White "Alvir, Aco"]
[Black "Miazhynski, Yuri"]
[Result "1-0"]
[WhiteElo "2303"]
[BlackElo "2151"]
[PlyCount "81"]
[EventDate "2018.10.06"]
[EventType "team"]
[EventRounds "11"]
[EventCountry "AUT"]
[WhiteTeam "ASVOE Pamhagen"]
[BlackTeam "SK Sparkasse Bad Voeslau"]

1. e4 c5 2. Nf3 e6 3. Nc3 a6 4. d4 cxd4 5. Nxd4 b5 6. Be3 Bb7 7. f3 Nf6 8. Qd2
d5 9. e5 Nfd7 10. f4 Nc6 11. O-O-O g6 12. h4 h5 13. Qf2 Nxd4 14. Bxd4 Qa5 15.
Kb1 b4 16. Ne2 Bc6 17. Ng3 Bc5 18. Be2 Bxd4 19. Qxd4 Qc5 20. Bf3 Qxd4 21. Rxd4
a5 22. c4 bxc3 23. Rc1 Ke7 24. Rxc3 Bb5 25. Rd1 Rhc8 26. Rdc1 Kd8 27. Ne2 Rxc3
28. Rxc3 Rc8 29. Kc2 Nc5 30. Nd4 Bd7 31. b3 Na6 32. a3 Rxc3+ 33. Kxc3 Kc7 34.
f5 Kd8 35. fxg6 fxg6 36. b4 axb4+ 37. axb4 Nc7 38. Be2 Ke7 39. b5 Na8 40. Kb4
Be8 41. Kc5  1-0

[Event "2. Bundesliga Ost 2018/2019"]
[Site "alle Wien"]
[Date "2018.10.07"]
[Round "2"]
[Board "6"]
[White "Juhasz, Agoston"]
[Black "Lovrinovic, Christian"]
[Result "1-0"]
[WhiteElo "2174"]
[BlackElo "2106"]
[PlyCount "83"]
[EventDate "2018.10.06"]
[EventType "team"]
[EventRounds "11"]
[EventCountry "AUT"]
[WhiteTeam "SK Sparkasse Bad Voeslau"]
[BlackTeam "ASVOE Pamhagen"]

1. e4 c5 2. c3 d5 3. exd5 Nf6 4. Bb5+ Nbd7 5. c4 a6 6. Bxd7+ Qxd7 7. Nf3 Qg4 8.
d4 cxd4 9. O-O e6 10. Re1 Bc5 11. h3 Qg6 12. b4 Ba7 13. Ne5 Qh5 14. Qxh5 Nxh5
15. c5 Nf6 16. d6 Nd5 17. a3 a5 18. Bd2 Bd7 19. Re4 f6 20. Nc4 axb4 21. axb4
Kf7 22. Rxd4 b6 23. Rd3 Bb5 24. Rda3 Bxc4 25. Rxa7+ Rxa7 26. Rxa7+ Kg6 27. Na3
Bd3 28. c6 e5 29. g4 h5 30. d7 hxg4 31. c7 gxh3 32. Kh2 Nxc7 33. Rxc7 Rd8 34.
Be3 Bf5 35. Bxb6 Rxd7 36. Rxd7 Bxd7 37. Bc5 Kg5 38. b5 Kf4 39. b6 Bc6 40. Kxh3
f5 41. Nc4 e4 42. Be3+  1-0

[Event "2. Bundesliga Ost 2018/2019"]
[Site "alle Wien"]
[Date "2018.10.07"]
[Round "2"]
[Board "1"]
[White "Mikes, Jan"]
[Black "Schwarz, Dusan"]
[Result "1/2-1/2"]
[WhiteElo "2307"]
[BlackElo "2293"]
[PlyCount "23"]
[EventDate "2018.10.06"]
[EventType "team"]
[EventRounds "11"]
[EventCountry "AUT"]
[WhiteTeam "SG Mistelbach/Altlichtenwarth"]
[BlackTeam "Wiener Amateurschachklub"]

1. e4 c5 2. f4 d5 3. Nf3 dxe4 4. Ng5 Nf6 5. Bc4 Bg4 6. Bxf7+ Kd7 7. Qxg4+ Nxg4
8. Be6+ Ke8 9. Bf7+ Kd7 10. Be6+ Ke8 11. Bf7+ Kd7 12. Be6+  1/2-1/2

[Event "2. Bundesliga Ost 2018/2019"]
[Site "alle Wien"]
[Date "2018.10.07"]
[Round "2"]
[Board "2"]
[White "Danada, Tomas"]
[Black "Hofmann, Thomas"]
[Result "1/2-1/2"]
[WhiteElo "2250"]
[BlackElo "2262"]
[PlyCount "89"]
[EventDate "2018.10.06"]
[EventType "team"]
[EventRounds "11"]
[EventCountry "AUT"]
[WhiteTeam "Wiener Amateurschachklub"]
[BlackTeam "SG Mistelbach/Altlichtenwarth"]

1. c4 c5 2. Nc3 Nf6 3. g3 d5 4. cxd5 Nxd5 5. Bg2 Nc7 6. Qa4+ Bd7 7. Qb3 Nc6 8.
Qxb7 Nd4 9. Qe4 g6 10. Qb1 Rb8 11. e3 Bc6 12. Bxc6+ Nxc6 13. Nf3 Bg7 14. O-O
O-O 15. Qe4 Qd7 16. Rd1 e5 17. a3 Kh8 18. Qh4 f5 19. d3 Ne6 20. Kg2 f4 21. Ne4
fxe3 22. Bxe3 Ncd4 23. Bxd4 cxd4 24. Rd2 Rb3 25. Rc1 Qb7 26. Rcc2 h5 27. Nfg5
Bf6 28. Nxe6 Bxh4 29. N6c5 Qd5 30. Nxb3 Qxb3 31. gxh4 Qf7 32. Rc6 Qf3+ 33. Kf1
Qh3+ 34. Ke1 Rc8 35. Ng5 Qf5 36. Nf7+ Kg7 37. Nd6 Rxc6 38. Nxf5+ gxf5 39. f4
Kf6 40. Kf2 Rc1 41. fxe5+ Kxe5 42. Kf3 f4 43. h3 Rf1+ 44. Rf2 Rd1 45. Ke2
 1/2-1/2